000 01444nam a2200277 a 4500
001 BRL_1662
005 20190320211319.0
008 220414s19uu----mx-#######---#000-0#spa-#
041 _aspa
044 _amx
050 4 _aF1219.3.R38
_b.073 1900
100 1 _aOrdoñez y Aguiar, Ramón de
_927565
245 1 0 _aHistoria de la creación del cielo y de la tierra
_bconforme al sistema de la gentilidad americana, theología de los culebras figurada en ingeniosos gerogliphicos, symbolos, emblemas y metaphoras, diluvio universal, dispersión de las gentes, verdadero origen de los indios: su salida de Chaldea: su transmigración á estas partes septentrionales: su transito por el Oceano, y derrota que siguieron, hasta llegar al seno mexicano. Principio de su imperio, fundación, y destrucción ...Ciudad de Palenque ...Supersticioso culto, con que los antiguos Palencanos adoraron al verdadero Dios...
_cPor don Ramón de Ortoñez y Aguiar.
260 _aMéxico, D.F.
_b[s. n.]
_c[1900]
300 _aviii, 120 p.
_c24 cm.
500 _aAu1895
500 _aEn cubierta: (Obra trunca)
650 1 4 _aOrigen del indígena americano
_925202
650 1 4 _aIndígenas de América Central
_xReligión
_927566
650 1 4 _aMitología indígena
_zAmérica Central
_927567
650 1 4 _aCulto a las serpientes
_927568
651 4 _aPalenque (México)
_927569
651 4 _aGuatemala
_xAntigüedades
_927570
902 _aGRL
942 _2lcc
_cB
999 _c10471
_d10471